|
|
|
|
| LEADER |
00000nab a2200000 a 4500 |
| 001 |
vtls010058770 |
| 003 |
SK-MaSNL |
| 005 |
20260304155747.0 |
| 008 |
250507c2009 xo qr|p|||||||000 b|slo |
| 015 |
|
|
|a SNBRBL2010/01
|2 snkbucl
|
| 035 |
|
|
|a (uuid)a552c3f7-c150-465c-89df-bb467f88f570
|
| 035 |
|
|
|a urn:nbn:sk:snk-ab15kv
|
| 035 |
|
|
|a (urnnbn)urn:nbn:sk:snk:ar-a03h9n
|
| 038 |
|
|
|a SNKBUCL
|
| 040 |
|
|
|a SNKBUCL
|b slo
|c SNKBUCL
|e AACR2
|
| 041 |
0 |
|
|a slo
|
| 044 |
|
|
|a xo
|c SK
|
| 080 |
|
|
|a 282:05
|x (437.6)
|2 2001
|
| 080 |
|
|
|a 05:282
|2 2001
|
| 100 |
1 |
|
|a Serafínová, Danuša
|4 aut
|9 6800
|
| 245 |
1 |
0 |
|a K jubileu Katolíckych novín
|c Danuša Serafínová
|
| 246 |
3 |
1 |
|a The Anniversary of the Catholic Newspaper
|
| 630 |
0 |
7 |
|a Katolícke noviny
|2 snkbucl
|9 313040
|
| 650 |
0 |
7 |
|a vydávanie
|2 snkbucl
|9 879677
|
| 650 |
0 |
7 |
|a 160. výročie
|2 snkbucl
|9 1066149
|
| 773 |
0 |
|
|t Otázky žurnalistiky
|g Roč. 52, č. 3-4 (2009), s. 132-141
|x 0322-7049
|
| 850 |
|
|
|a Slovenská národná knižnica
|
| 852 |
|
|
|a Slovenská národná knižnica
|
| 954 |
|
|
|a odborná, vedecká literatúra pôvodná (slovenská)
|2 lita
|
| 958 |
|
|
|a article27
|
| 958 |
|
|
|a OND
|
| 958 |
|
|
|a EUIPO
|
| 999 |
|
|
|c 2964136
|d 2966066
|